Biological Information:New Perspectives (Record no. 22617)
[ view plain ]
| 000 -LEADER | |
|---|---|
| fixed length control field | 00675nam a2200121Ia 4500 |
| 008 - FIXED-LENGTH DATA ELEMENTS--GENERAL INFORMATION | |
| fixed length control field | 220620s9999||||xx |||||||||||||| ||und|| |
| 100 ## - MAIN ENTRY--PERSONAL NAME | |
| Personal name | Robert J Marks II||John C Sanford||Bruce L Gordon||Michael J Behe||William A Dembski |
| 245 #0 - TITLE STATEMENT | |
| Title | Biological Information:New Perspectives |
| 546 ## - LANGUAGE NOTE | |
| Language note | English[eng] |
| 650 ## - SUBJECT ADDED ENTRY--TOPICAL TERM | |
| Topical term or geographic name entry element | Molecular Biology||Mutation/Selection Paradigm||Numerical Simulation||Mathematics||Biophysics||Physics||Thermodynamics||Information Theory||Evolutionary Theory||Computer Science||Linguistics||Genetics||Developmental Biology||Biological Information||Whole Organism Biology |
| 856 ## - ELECTRONIC LOCATION AND ACCESS | |
| Uniform Resource Identifier | <a href="http://www.worldscientific.com/worldscibooks/10.1142/8818">http://www.worldscientific.com/worldscibooks/10.1142/8818</a> |
| 942 ## - ADDED ENTRY ELEMENTS (KOHA) | |
| Koha item type | E-Books |
| Withdrawn status | Lost status | Damaged status | Not for loan | Home library | Current library | Date acquired | Total Checkouts | Date last seen | Price effective from | Koha item type |
|---|---|---|---|---|---|---|---|---|---|---|
| Kerala University of Digital Sciences, Innovation and Technology Knowledge Centre | Kerala University of Digital Sciences, Innovation and Technology Knowledge Centre | 20/06/2022 | 20/06/2022 | 20/06/2022 | E-Books |